| 000 | 00502nam a22001817a 4500 | ||
|---|---|---|---|
| 005 | 20140821124908.0 | ||
| 010 | _aENG-110582 | ||
| 020 |
_c195.00 _a9788121601924 |
||
| 035 | _aEN-94114 | ||
| 037 | _bDBAD/PUB | ||
| 082 | _a425 | ||
| 100 | _aRao, Mohini | ||
| 245 |
_aTeach yourself Hindi / _cby Mohini Rao |
||
| 260 |
_aNew Delhi _bHindi Pocket Books _c2012(repr.) |
||
| 270 |
_bNew Delhi _e110003 _aJ-40, Jorbagh Lane |
||
| 300 |
_a170p. _c22cm(pbk) |
||
| 942 |
_2ddc _cEN _mRAO _h425 |
||
| 999 |
_c87491 _d87491 |
||